000 02153cam a22004454i 4500
003 PE-LiUPU
005 20250731172928.0
008 s1899 r 000 0 spa d
035 _a(Sirsi) a204079
040 _aPE-LiUPU
_bspa
_cPE-LiUPU
_erda
049 _aPRUA
082 0 4 _a286.7
_bR61
_220
100 1 _aNewman, Albert Henry,
_eautor.
245 4 _aA manual of church history /
_cAlbert Henry Newman D.D., LL.D.
264 _aUSA :
_bBAPTIST PUBLLICATION,
_c1899.
300 _a2 tomos ;
_c17 centímetros.
336 _text
_2rdacontent
337 _unmediated
_2rdamedia
338 _volume
_2rdacarrier
505 0 _gTomo 1.
_tPreliminary observation on the study of church history -- The graeco-roman civilization as a preparation for christianity -- Preparation for christianity in jewis life and thougt -- From the end of the apostolic age to the conversation of constantitine -- From the conversion of constantine to the founding of the holy roman empire by charlemagne -- From the coronation of charlemagne as roman emperor to the outbrake of the protestant revolution.
505 0 _gTomo 2.
_tFrom the outbrake of the protestant revolution to the peacae of westphalia -- The era of modern denominationalism -- The Church of england -- The great anglo-american denominational -- Twentieth century supplement.
526 _aSEG42
526 _aSEG41
526 _aSEG40
526 _aSEG39
526 _aP94
526 _aP87
526 _aP86
526 _aP85
526 _aP77
526 _aP76
526 _aP35
650 0 4 _aHistoria
_xIglesia
596 _a1
942 _2ddc
_cBOOK
999 _a286.7 R61
_wLC
_c20458
_i76013
_f2021-11-11
_g5
_lCCODEBUL1
_mBUL
_r0
_sY
_tBOOK
_u2017-5-26
_xTEOLOGIA
_PP85
_0DONACION
_o.STAFF. Colección Teología
_d20458
999 _a286.7 R61
_wLC
_c2
_i75689
_d2018-5-8
_f2021-11-11
_g5
_lCCODEBUL1
_mBUL
_q1
_r0
_sY
_tBOOK
_u2017-5-26
_xTEOLOGIA
_PP85
_0DONACION
_o.STAFF. Colección Teología
980 _81
_gALBERTO SANCHEZ Responsable de Automatización